GeoGuessr - Nummernschilder USA - Statistiken

Allgemein
  • Dieses Quiz wurde 14 mal gespielt
  • Das Durchschnittsergebnis liegt bei 3 aus 10
Antwortstatistiken
Hint Antwort % Korrekt
Delaware
67%
Alaska
33%
New Mexico
33%
New York
33%
Alabama
17%
Connecticut
17%
Florida
17%
New Jersey
17%
Oregon
17%
Vermont
17%
Keine übereinstimmenden Quizze gefunden
Verteilung der Resultate
Anzahl Personen mit jedem Resultat
Perzentil nach korrekt beantworteten Fragen
Ihre Resultats-Entwicklung
Sie haben dieses Quiz noch nicht gespielt